| 000 | 00678nam a2200253Ia 4500 | ||
|---|---|---|---|
| 003 | OSt | ||
| 005 | 20221006155245.0 | ||
| 006 | a|||||r|||| 00| 0 | ||
| 007 | ta | ||
| 008 | 221006b |||||||| |||| 00| 0 chi d | ||
| 024 | _a41,316 | ||
| 037 | _cSeries Articles | ||
| 040 |
_aEASL _cEASL _bchi |
||
| 041 |
_2chi _achi |
||
| 100 | _aChan Anita | ||
| 245 | 0 | _aStrikes in China 's export industries in comparative perspectiv | |
| 260 |
_aCanberra _bAustralian National University Australia _c2011 |
||
| 300 |
_a27-51 _ccm. |
||
| 490 | _v65 | ||
| 650 |
_a Taiwan _9649915 |
||
| 650 | _aChina | ||
| 942 |
_cREF _2CC |
||
| 999 |
_c1109402 _d1109402 |
||